| 000 | 01835cab a2200265 4500 | ||
|---|---|---|---|
| 001 | ABS67610 | ||
| 008 | 040309n2004 000 0 eng u | ||
| 035 | _a(Sirsi) u125386 | ||
| 245 | _aBridgestart Properties Ltd v London Underground Ltd | ||
| 260 | _c2004 | ||
| 490 |
_aRating and Valuation Reporter _v[2004] RVR 18-24(6) |
||
| 520 | _aACQ/128/2002, 17 October 2003. Claim for injurious affection for settlement to premises caused by tunnelling for underground railway based on the Land Clauses Consolidation Act 1845 s63 and theLondon Transport Act 1963 s11. Acquiring authority (LU) declared that the claim under s63 of the 1845 Act was time-barred by the Limitation Act 1980 s9(1) as more than six years had lapsed between the date of entry in July 1994 and the giving of the notice of reference to the LT. Claimant (B) declared that LU was estopped from relying on limitation or had waived their right to do so. LT dismissed claim. "Declared" that, i) London Transport Act 1963 s11 was not applicable for damage caused by tunnelling as it applied to operation of railways and not to its construction and, ii) any action brought under the Lands Clauses Consolidation 1845 Act s63 was time-barred. Costs awarded to LU. View decision at www.landstribunal.gov.uk. | ||
| 590 | _aABS | ||
| 650 | _aLONDON TRANSPORT ACT 1963 S11 | ||
| 650 | _aLANDS CLAUSES CONSOLIDATION ACT 1845 S63 | ||
| 650 | _aBRIDGESTART PROPERTIES LTD V LONDON UNDERGROUND LTD | ||
| 650 | _aCOMPENSATION | ||
| 650 | _aTIME-BARRED | ||
| 650 | _aTUNNELLING | ||
| 650 | _aBUILT ENVIRONMENT | ||
| 650 | _aCOSTS | ||
| 690 | _aENVIRONMENTAL AND LAND CONSULTANCY-PLANNING AND DEVELOPMENT-COMPULSORY PURCHASE AND COMPENSATION | ||
| 856 |
_uhttps://www.landstribunal.gov.uk/View.do?id=213 _zView decision on the Lands Tribunal website... |
||
| 942 | _n0 | ||
| 999 |
_c74257 _d74257 |
||